00264 a2200121 4500001000700000020001800007040001100025100001600036240003900052245003400091300000800125362000900133190671 a85-336-2036-5 cMagnum aHearn, Lian10aA saga otori: o brilho da lualpor10aA saga otori: o brilho da lua a3560 a2004